000 01039nas a2200337 4500
001 BR0302167
003 BR-BrBNA
005 20231205103740.0
007 ta
008 230509b bl.|||p| |||| 00| 00por d
040 _aBR-BrBNA
_bpor
_cBiblioteca Nacional de Agricultura
041 _a(Pt)
072 _aF02
100 1 _aPio, R.
100 1 _aRamos, J.D.
100 1 _aGontijo, T.C.A.
100 1 _aCarrijo, E.P.
100 1 _aCoelho, J.H.C.
100 1 _aAlvares, B.F.
100 1 _aMendonça, V.
245 1 _aEnraizamento de estacas dos porta-enxertos de citros "Fly Dragon" e "Trifoliata"
650 _aFRUTA CÍTRICA
650 _aENRAIZAMENTO DE ESTACA
650 _aÁCIDO INDOLBUTÍRICO
650 _aESTACA
650 _aPORTA ENXERTO
773 0 _tRevista Brasileira de Agrociência (Brazil)
_xISSN 0104-8996
_g(Sep-Dec 2002), v. 8(3) p. 195-198
_wBR0302167
856 4 0 _uhttp://www.ufpel.tche.br/faem/agrociencia/v8n3/artigo04.pdf
909 _a202311
_bLúcia
_c55
_dLúcia Elande
942 _2AGRIS
_n0
_cANA
999 _c174521
_d174521